| 000 | 004220000a22001450004500 | ||
|---|---|---|---|
| 041 | 0 | _aSPA | |
| 082 | 0 | 4 | _aG 920.008 R7414h |
| 100 | 1 | _aRojas, Juan | |
| 245 | 1 | 0 | _aHéroes olimpicos : Momentos inolvidables en la historia olímpica del 1898 al 1968 / Juan Rojas, Les Thompson |
| 260 | _aMiami, FL., USA : Logoi | ||
| 300 | _a96 Pag | ||
| 650 | 1 | 4 | _aDEPORTES - HISTORIA \ ATLETISMO - HISTORIA |
| 001 | 11846 | ||
| 942 | _cBK | ||
| 999 |
_c40918 _d40918 |
||